A status quo bosszúja

Bibliographic Details
Main Author: Kövesdi, Károly, 1953- (Author)
Format: Article
Language:Hungarian
ISSN:1335-7050
Subjects:

MARC

LEADER 00000nab a2200000 ar4500
001 vtls009933994
003 SK-MaSNL
005 20260318114909.0
008 090728c20090613xo |||||||| 000 b|hun
015 |a SNBRB2009/06  |2 snkbucl 
038 |a SNKBUCL 
040 |a DSZK  |b slo  |c DSZK  |e AACR2 
041 0 |a hun 
044 |a xo  |c SK 
080 |a 821.511.141 (437.6)-92=511.141  |2 2001 
100 1 |a Kövesdi, Károly,  |d 1953-  |4 aut  |9 264403 
245 1 0 |a A status quo bosszúja  |c Kövesdi Károly 
650 0 7 |a publicistické glosy, maďarské  |2 snkbucl  |9 73730 
773 0 |t Új szó  |g Évf. 62, sz. 135 (13.6.2009), o. 7  |x 1335-7050 
852 |a SNK  |b KIS3GCP 
852 |a DSZK  |b KIS3GCP 
958 |a HU 
958 |a SK 
958 |a LX 
999 |c 3293513  |d 3295443